000 00680nam a22001817a 4500
999 _c19393
_d19393
008 240227b ||||| |||| 00| 0 eng d
020 _a9781529754070
082 _aDC 374.126
_bG781 2021
100 _aGravells, Ann.
_9478
245 _aPrinciples and practices of assessment :
_ba guide for assessors in the FE and skills sector /
_cAnn Gravells.
250 _aFourth edition.
260 _aLondon :
_bLearning Matters a Sage Publishing Company,
_c©2021.
300 _aix, 236 pages :
_billustrations ;
_c24 cm.
500 _aIncludes references and index.
650 _aContinuing education.
_953493
650 _aEducational tests and measurements.
_953494
942 _2ddc
_cDC